000 00345nam a2200109Ia 4500
008 200302s9999 xx 000 0 und d
100 _aLeon Glicksman and Juintow Lin
245 _aSustainable Urban Housing in China Principles and Case Studies for Low- Energy Design
260 _bSpringer Verlag Berlin Heielberg
260 _c2006
300 _a267
999 _c5821
_d5821